[Event "Wch Blitz"]
[Site "Almaty"]
[Date "2022.12.29"]
[Round "3"]
[White "Mamatov, Melis"]
[Black "Sankalp, Gupta"]
[Result "0-1"]
[WhiteElo "2299"]
[BlackElo "2438"]
[PlyCount "58"]
[EventDate "2022.12.29"]
[EventType "swiss (blitz)"]
[EventRounds "21"]
[EventCountry "KAZ"]
[SourceTitle "CBM 212"]
[Source "ChessBase"]
[SourceDate "2023.02.28"]
[SourceVersion "1"]
[SourceVersionDate "2023.02.28"]
[SourceQuality "1"]

1. e4 e6 2. d4 d5 3. Nc3 Nf6 4. e5 Nfd7 5. f4 c5 6. Nf3 Nc6 7. Be3 Be7 8. Qd2 0-0 9. Be2 b6 10. 0-0 f6 11. exf6 Nxf6 12. Kh1 Ng4 13. Bg1 Qc7 14. Ne5 Ngxe5 15. fxe5 cxd4 16. Bxd4 Nxd4 17. Qxd4 Bd7 18. Bd3 g6 19. Qe3 Rxf1+ 20. Rxf1 Rf8 21. Re1 Rf7 22. Qe2 Bf8 23. Nb5 Qc5 24. Nc3 Qd4 25. Nd1 Bh6 26. c3 Qh4 27. Ne3 Bf4 28. g3 Bxg3 29. Rf1 Bf4 0-1

[Event "Wch Blitz"]
[Site "Almaty"]
[Date "2022.12.29"]
[Round "9"]
[White "Shishkov, Andrei"]
[Black "Mamatov, Melis"]
[Result "1-0"]
[WhiteElo "2230"]
[BlackElo "2299"]
[PlyCount "99"]
[EventDate "2022.12.29"]
[EventType "swiss (blitz)"]
[EventRounds "21"]
[EventCountry "KAZ"]
[SourceTitle "CBM 212"]
[Source "ChessBase"]
[SourceDate "2023.02.28"]
[SourceVersion "1"]
[SourceVersionDate "2023.02.28"]
[SourceQuality "1"]

1. d4 d5 2. c4 c6 3. e3 Nf6 4. Nc3 Bf5 5. Nf3 e6 6. Nh4 Bg6 7. Qb3 b6 8. Nxg6 hxg6 9. Bd2 Bd6 10. h3 0-0 11. Be2 a5 12. cxd5 exd5 13. 0-0 Re8 14. Rfc1 b5 15. Qd1 Ra7 16. Bf3 a4 17. Ne2 Ne4 18. Bxe4 Rxe4 19. Qe1 g5 20. Bb4 Bxb4 21. Qxb4 g4 22. Ng3 gxh3 23. Nxe4 dxe4 24. Qc5 Rd7 25. Qf5 hxg2 26. Qxe4 Rd6 27. Kxg2 Re6 28. Qf5 Rf6 29. Qe4 Re6 30. Qd3 Nd7 31. Rh1 Qg5+ 32. Kf1 Nf6 33. Rg1 Qh5 34. Qe2 Qh3+ 35. Ke1 Qh2 36. Qf1 Ne4 37. Qg2 Qh6 38. Ke2 Nd6 39. Rh1 Qf6 40. Rag1 Nf5 41. Kd1 Rxe3 42. Qg4 Rd3+ 43. Kc1 Rxd4 44. Qh3 Nh6 45. Rd1 Qg5+ 46. Kb1 Qg6+ 47. Ka1 Rd6 48. Rxd6 Qxd6 49. Qe3 Nf5 50. Qe8+ 1-0

[Event "Wch Rapid"]
[Site "Almaty"]
[Date "2022.12.27"]
[Round "8"]
[White "Harutyunian, Tigran K"]
[Black "Mamatov, Melis"]
[Result "1-0"]
[WhiteElo "2441"]
[BlackElo "2299"]
[PlyCount "93"]
[EventDate "2022.12.26"]
[EventType "swiss (rapid)"]
[EventRounds "13"]
[EventCountry "KAZ"]
[SourceTitle "CBM 212"]
[Source "ChessBase"]
[SourceDate "2023.02.28"]
[SourceVersion "1"]
[SourceVersionDate "2023.02.28"]
[SourceQuality "1"]

1. d4 d5 2. Nf3 Nf6 3. c4 c6 4. Nc3 dxc4 5. a4 Bf5 6. e3 e6 7. Bxc4 Bb4 8. 0-0 0-0 9. Qe2 Nbd7 10. e4 Bg6 11. Bd3 Re8 12. e5 Bxd3 13. Qxd3 Nd5 14. Nxd5 cxd5 15. Qb5 Be7 16. Qxb7 Rb8 17. Qa6 Qc7 18. Qd3 Rec8 19. Bg5 Bxg5 20. Nxg5 Qc2 21. Qf3 Qg6 22. h4 h6 23. Nh3 Rxb2 24. Rac1 Rbc2 25. Rxc2 Qxc2 26. Qa3 Rc4 27. Qe7 Qxa4 28. Rb1 Qc6 29. Kh2 Qc8 30. Rd1 a5 31. Rd3 Nf8 32. Qa3 a4 33. Nf4 Ng6 34. Nxg6 fxg6 35. Rg3 Qd8 36. Rg4 Qe8 37. g3 Qf8 38. Qa2 Kh7 39. Rf4 Qe7 40. Qb1 h5 41. Qb8 Rb4 42. Qa8 g5 43. hxg5 Qxg5 44. Rf8 Qe7 45. Rh8+ Kg6 46. Qg8 Kf5 47. Qh7+ 1-0

[Event "Novi Sad TS GM Mix 271st"]
[Site "Novi Sad"]
[Date "2022.06.06"]
[Round "1"]
[White "Mamatov, Melis"]
[Black "Brenjo, Slavisa"]
[Result "1/2-1/2"]
[WhiteElo "2412"]
[BlackElo "2402"]
[PlyCount "106"]
[EventDate "2022.06.06"]
[EventType "tourn"]
[EventRounds "9"]
[EventCountry "SRB"]
[EventCategory "6"]
[SourceTitle "CBM 208 Extra"]
[Source "ChessBase"]
[SourceDate "2022.07.31"]
[SourceVersion "1"]
[SourceVersionDate "2022.07.31"]
[SourceQuality "1"]

1. e4 e5 2. Nf3 Nc6 3. Bc4 Nf6 4. d3 Be7 5. 0-0 0-0 6. a4 d5 7. exd5 Nxd5 8. Re1 Nb6 9. Ba2 Nxa4 10. Nbd2 Nc5 11. Nxe5 Nxe5 12. Rxe5 Bd6 13. Re1 Qh4 14. h3 Qf6 15. Nc4 Be6 16. d4 Nd7 17. c3 Rfe8 18. Be3 Bxc4 19. Bxc4 Nb6 20. Bd3 g6 21. c4 Bb4 22. Re2 a5 23. Qc2 c6 24. Rd1 Re6 25. Bc1 Rxe2 26. Bxe2 Re8 27. b3 Nc8 28. Bb2 Nd6 29. d5 Qe7 30. Bf3 c5 31. g3 b5 32. cxb5 Nxb5 33. Kg2 Nd4 34. Bxd4 cxd4 35. Rxd4 Qd6 36. Rc4 Re1 37. Qd3 Qe5 38. Rxb4 axb4 39. d6 Qa5 40. d7 Qd8 41. Bc6 Re6 42. Qa6 Kf8 43. Qb7 Rd6 44. Qxb4 Qc7 45. Ba4 Kg7 46. Qe4 Qb6 47. Qe5+ Kg8 48. h4 Qb7+ 49. Kh2 Rd1 50. Qe8+ Kg7 51. Qe5+ Kg8 52. Qe8+ Kg7 53. Qe5+ Kg8 1/2-1/2

[Event "Novi Sad TS GM 266th"]
[Site "Novi Sad"]
[Date "2022.06.02"]
[Round "6"]
[White "Damljanovic, Branko"]
[Black "Mamatov, Melis"]
[Result "1/2-1/2"]
[WhiteElo "2469"]
[BlackElo "2413"]
[PlyCount "84"]
[EventDate "2022.05.30"]
[EventType "tourn"]
[EventRounds "9"]
[EventCountry "SRB"]
[EventCategory "7"]
[SourceTitle "EXT 2023"]
[Source "ChessBase"]
[SourceDate "2022.10.05"]
[SourceVersion "1"]
[SourceVersionDate "2022.10.05"]
[SourceQuality "1"]

1. e4 c5 2. Nf3 d6 3. d4 cxd4 4. Nxd4 Nf6 5. Nc3 e5 6. Bb5+ Nbd7 7. Nf5 a6 8. Bxd7+ Qxd7 9. Bg5 Nxe4 10. Nxg7+ Bxg7 11. Nxe4 0-0 12. Qxd6 f6 13. Be3 f5 14. Qxd7 Bxd7 15. 0-0-0 Bc6 16. Nc5 f4 17. Bd2 Bxg2 18. Rhg1 Bc6 19. Ne6 Rf7 20. Bc3 Re8 21. Rd8 Rxd8 22. Nxd8 Re7 23. Nxc6 bxc6 24. Kd2 Kf7 25. f3 Rd7+ 26. Ke2 Kf6 27. Rd1 Rd5 28. Rd3 Kf5 29. b4 Bf8 30. a4 Bd6 31. Be1 e4 32. fxe4+ Kxe4 33. Rc3 Rh5 34. h4 Re5 35. Bf2 Be7 36. Rb3 Rd5 37. c4 Re5 38. b5 cxb5 39. cxb5 axb5 40. axb5 Kd5+ 41. Kd3 Bc5 42. Bxc5 Kxc5 1/2-1/2

[Event "Novi Sad TS GM 266th"]
[Site "Novi Sad"]
[Date "2022.05.31"]
[Round "1"]
[White "Woodward, Andy"]
[Black "Mamatov, Melis"]
[Result "0-1"]
[WhiteElo "2354"]
[BlackElo "2413"]
[PlyCount "120"]
[EventDate "2022.05.30"]
[EventType "tourn"]
[EventRounds "9"]
[EventCountry "SRB"]
[EventCategory "7"]
[SourceTitle "EXT 2023"]
[Source "ChessBase"]
[SourceDate "2022.10.05"]
[SourceVersion "1"]
[SourceVersionDate "2022.10.05"]
[SourceQuality "1"]

1. d4 d5 2. c4 c6 3. Nc3 Nf6 4. cxd5 cxd5 5. Bf4 a6 6. e3 Nc6 7. Be2 Bf5 8. Qb3 Na5 9. Qa4+ Bd7 10. Qc2 Rc8 11. Nf3 e6 12. 0-0 Be7 13. Ne5 0-0 14. Rac1 b5 15. Qd1 Nc4 16. b3 Nxe5 17. dxe5 Ne4 18. Nxe4 dxe4 19. a4 bxa4 20. bxa4 a5 21. Qd4 Bb4 22. Rxc8 Qxc8 23. Qxe4 Qc3 24. Qd4 Rc8 25. Qd1 Be8 26. h3 Qb2 27. Bb5 Bxb5 28. axb5 Qd2 29. Qxd2 Bxd2 30. Rd1 Bb4 31. b6 h6 32. e4 Rb8 33. Be3 a4 34. Rd7 a3 35. Ra7 Kf8 36. Ra4 Be7 37. b7 Bd8 38. Ra8 a2 39. Rxa2 Rxb7 40. Ra8 Ke8 41. Bc5 h5 42. Kh2 Kd7 43. f4 Rb3 44. Ra3 Rxa3 45. Bxa3 Kc6 46. Kg3 Kb5 47. f5 Bg5 48. h4 Bd2 49. Be7 Kc4 50. Bg5 Bxg5 51. hxg5 g6 52. Kf3 h4 53. Kg4 Kc3 54. Kf3 Kd3 55. Kf4 Ke2 56. f6 Kf2 57. Kg4 Kxg2 58. Kxh4 Kf3 59. Kh3 Kxe4 60. Kg4 Kxe5 0-1